000 00738nam a2200193Ia 4500
999 _c37805
_d37805
001 3782
003 GE_BSU
005 20190807173722.0
008 181216s1982||||ge |||||||||||||| ||geo||
040 _cGE_BSU
041 _ageo
080 _a069(479.22) ს–32
245 _aსაქართველოს სახელმწიფო მუზეუმის მოამბე XXXVI-В /
_cრედ. ლ. ჭილაშვილი.
264 _aთბილისი :
_bმეცნიერება,
_c1982.
300 _a179 გვ. ;
_b25 სმ.
653 _aსახელმწიფო მუზეუმი
700 _a ჭილაშვილი, ლ.
_eრედაქტორი
_93458
942 _cBK
_2udc